Patterns of nationality : twentieth-century literary versions of America /

Bibliographic Details
Main Author: Spencer, Benjamin Townley
Format: Book
Language:English
Published: New York, N.Y. : B. Franklin, [1981]
Series:American cultural heritage series ; 7.
Subjects:

MARC

Tag First Indicator Second Indicator Subfields
LEADER 00000cam a22000008a 4500
001 in00000075826
005 20151008054855.0
008 800625s1981 nyu b 00110 engm
010 |a  80036833  
020 |a 089102199X :  |c $35.00 
035 |a (OCoLC)06555457 
035 |9 AAJ1929AM 
040 |a DLC  |c DLC  |d m.c.  |d TXA  |d UtOrBLW 
043 |a n-us--- 
049 |a TXAM  |c [1560979] 
050 0 0 |a PS228.N38  |b S65 
082 0 |a 810/.9/3273  |2 19 
100 1 |a Spencer, Benjamin Townley. 
245 1 0 |a Patterns of nationality :  |b twentieth-century literary versions of America /  |c Benjamin T. Spencer. 
263 |a 8009 
264 1 |a New York, N.Y. :  |b B. Franklin,  |c [1981] 
264 4 |c ©1981 
300 |a x, 246 pages ;  |c 24 cm. 
336 |a text  |b txt  |2 rdacontent 
337 |a unmediated  |b n  |2 rdamedia 
338 |a volume  |b nc  |2 rdacarrier 
490 1 |a American cultural heritage series ;  |v 7 
504 |a Includes bibliographical references and index. 
650 0 |a American literature  |y 20th century  |x History and criticism. 
650 0 |a National characteristics in literature. 
650 0 |a United States in literature. 
830 0 |a American cultural heritage series ;  |v 7. 
999 |a MARS 
999 f f |s e4674abc-2fd0-3156-ad42-efdabb3a3c96  |i 1ccaccbe-9826-3ae0-87c4-2cb6302cbbea  |t 0 
952 f f |p ric  |a Texas A&M University  |b Rellis Campus  |c Joint Library Facility  |d Remote Storage  |t 0  |e PS228.N38 S65  |h Library of Congress classification  |i unmediated -- volume  |m A14806188667 
998 f f |a PS228.N38 S65  |t 0  |l Remote Storage